书目信息 |
| 题名: |
传播理论导引 : 分析与应用
|
|
| 作者: | 韦斯特 , 特纳 著 ;赵刚 改编 | |
| 分册: | ||
| 出版信息: | 北京 中国人民大学出版社 2009 |
|
| 页数: | [10],347页 | |
| 开本: | 28cm | |
| 丛书名: | ||
| 单 册: | ||
| 中图分类: | G201 | |
| 科图分类: | ||
| 主题词: | 传播学--双语教学--高等学校--教材 , 传播学 , 双语教学 | |
| 电子资源: | ||
| ISBN: | 978-7-300-10284-9 | |
| 000 | 01187nam0 2200289 45 | |
| 001 | 1132108577 | |
| 005 | 20110314084548.35 | |
| 010 | @a978-7-300-10284-9@dCNY39.80 | |
| 100 | @a20110121d2010 ekmy0chiy0120 ea | |
| 101 | 2 | @achi@ceng@aeng |
| 102 | @aCN@b110000 | |
| 105 | @aa z 000yy | |
| 106 | @ar | |
| 200 | 1 | @a传播理论导引 : 分析与应用@AChuan Bo Li Lun Dao Yin : Fen Xi Yu Ying Yong@dIntroducing communication theory : analysis and application@e第3版@EDi 3 Ban@f(美) 理查德·韦斯特(Richard L. West), 林恩·H. 特纳(Lynn H. Turner)著@F( Mei ) Li Cha De· Wei Si Te (Richard L. West), Lin En· H. Te Na (Lynn H. Turner) Zhu@g赵刚改编@zeng |
| 210 | @a北京@c中国人民大学出版社@d2009 | |
| 215 | @a[10],347页@c图@d28cm | |
| 300 | @a高等院校双语教材. 新闻传播学系列 | |
| 510 | 1 | @aIntroducing communication theory : analysis and application@zeng |
| 606 | 0 | @a传播学@x双语教学@x高等学校@j教材 |
| 606 | 0 | @a传播学 |
| 606 | 0 | @a双语教学 |
| 690 | @aG201@v4 | |
| 701 | 1 | @a韦斯特@AWei Si Te@b(Richard L. West)@4著 |
| 701 | 1 | @a特纳@ATe Na@g(Lynn H. Turner)@4著 |
| 702 | 0 | @a赵刚@AZhao Gang@4改编 |
| 801 | 0 | @aCN@bTANGWEI@c20110314 |
| 905 | @b0532704-08@dG201@e442@f5 | |
| 传播理论导引 : 分析与应用=Introducing communication theory : analysis and application:第3版/(美) 理查德·韦斯特(Richard L. West), 林恩·H. 特纳(Lynn H. Turner)著/赵刚改编.-北京:中国人民大学出版社,2009 |
| [10],347页:图;28cm |
| 高等院校双语教材. 新闻传播学系列 |
| ISBN 978-7-300-10284-9:CNY39.80 |
| ● |
| 相关链接 |
|
|
|
|
正题名:传播理论导引 : 分析与应用
索取号:G201/442
 
预约/预借
| 序号 | 登录号 | 条形码 | 馆藏地/架位号 | 状态 | 备注 |
| 1 | 0532704 | 205327047 | 第一样本阅览室/ [索取号:G201/442] | 在馆 | |
| 2 | 0532705 | 205327056 | 密集书库-文学院/ [索取号:G201/442] | 在馆 | |
| 3 | 0532706 | 205327065 | 第四借阅区/ [索取号:G201/442] | 在馆 | |
| 4 | 0532707 | 205327074 | 第四借阅区/ [索取号:G201/442] | 在馆 | |
| 5 | 0532708 | 205327083 | 第四借阅区/ [索取号:G201/442] | 在馆 |